| 000 | 00391nam a2200157Ia 4500 | ||
|---|---|---|---|
| 008 | 210716s2008 xx 000 0 und d | ||
| 020 | _a9788180940606 | ||
| 041 | _aeng | ||
| 082 | _a574.88 SOLK | ||
| 100 | _aSolomon, K Anand. | ||
| 245 | _aMolecular modelling and drug design. | ||
| 250 | _a1 | ||
| 260 |
_aChennai _bMJP Publishers _c2008 |
||
| 300 | _axi,225 | ||
| 650 | _aBiology(574) | ||
| 999 |
_c189955 _d189955 |
||